000 00493nam a2200169Ia 4500
999 _c7423
_d7423
003 OSt
005 20200127105307.0
008 190216s9999||||xx |||||||||||||| ||und||
020 _a9798174733596
040 _coclc
082 _a658.4012
_bSIN/S
100 _aSingh, S P
_91489
245 0 _aStrategic Management /
_cS P Singh
260 _bAitbs Publishers And Distributors,
_aNew Delhi:
_c2006.
300 _a504p
942 _cBK
_2ddc
_h658.4012
_iSIN/S
_k658.4012
_mSIN/S